| 000 | 00840nam a2200217Ia 4500 | ||
|---|---|---|---|
| 003 | 0 | ||
| 005 | 20250122133621.0 | ||
| 008 | 150126s9999 xx 000 0 und d | ||
| 050 |
_aPHS BF 723.P25 _b.K49 2014 |
||
| 100 | _aKim, Dong Hyun | ||
| 245 |
_aRelationship between perceived parental influence and career decision-making skills of first year college students / _cDong Hyun Kim. |
||
| 260 |
_aLas PiƱas City, Philippines : _bSouthville International School and Colleges, _c2014. |
||
| 300 |
_a28 pages : _billustration ; _c28 cm. |
||
| 504 | _aIncludes bibliographical references. | ||
| 650 | _aDecision Making. | ||
| 650 |
_aFirst-year college students _2Career development. |
||
| 650 | _aParental influence. | ||
| 650 |
_aCareer choice _2Psychological aspects. |
||
| 650 |
_aCollege students _2Psychology. |
||
| 942 |
_2lcc _cPASS |
||
| 999 |
_c278722 _d278722 |
||